Ley reguladora del transporte remunerado de personas en vehículos taxis

Bewaard in:
Bibliografische gegevens
Coauteur: Costa Rica. Ministerio de Obras Públicas y Transportes
Formaat: Texto
Gepubliceerd in: San José: MOPT
Onderwerpen:
Tags: Voeg label toe
Geen labels, Wees de eerste die dit record labelt!

MARC

LEADER 00000 a a2200000 04500
001 17372
003
040 |a CRAI/IIS  |c CRAI/IIS 
090 |a 020000  
110 |a Costa Rica. Ministerio de Obras Públicas y Transportes  
245 |a Ley reguladora del transporte remunerado de personas en vehículos taxis  
260 |a San José:   |b MOPT  
300 |a 6 p.  
650 |a TRANSPORTE PUBLICO  
650 |a LEGISLACION  
999 |c 5684  |d 5684